| 000 | 00369nam a22001457a 4500 | ||
|---|---|---|---|
| 003 | MACL, | ||
| 005 | 20190925155415.0 | ||
| 008 | 190925b xxu||||| |||| 00| 0 eng d | ||
| 040 | _cMACL | ||
| 100 |
_aTiwari, R K _976800 |
||
| 245 | _asocio-Spiritual Profile of Indian Culture | ||
| 260 |
_aNew Delhi _bGlobal Pub _c2016 |
||
| 650 |
_aCulture _976801 |
||
| 942 |
_2ddc _cBK |
||
| 999 |
_c61102 _d61102 |
||